| 000 | 00865cam a22002771 4500 | ||
|---|---|---|---|
| 001 | 76028 | ||
| 003 | BD-RjUL | ||
| 005 | 20211209082758.0 | ||
| 008 | 711020s1966 nyua b 000 0 eng | ||
| 020 |
_a070373655 _c: 7.45 |
||
| 035 | _a(BD-RjUL)76247 | ||
| 040 |
_aDLC _cDLC _dDLC _beng |
||
| 041 | _aeng | ||
| 082 | 0 | 0 |
_a658.4032 _223 _bLEP 1966 |
| 100 | 1 |
_aLevin, Richard I. _9233689 |
|
| 245 | 1 | 0 |
_aPlanning and control with PERT/CPM / _c[by] Richard I. Levin [and] Charles A. Kirkpatrick. |
| 260 |
_aNew York : _bMcGraw-Hill , _c[1966] |
||
| 300 |
_ax, 179 p. : _bill. ; _c21 cm. |
||
| 504 | _aBibliography: p. [158]-166. | ||
| 650 | 0 |
_aNetwork analysis (Planning) _9233690 |
|
| 700 | 1 |
_aKirkpatrick, Charles Atkinson, _9233692 |
|
| 906 |
_a7 _bcbc _corignew _du _eocip _f19 _gy-gencatlg |
||
| 942 |
_2ddc _cBK |
||
| 999 |
_c76028 _d76028 |
||